| 000 | 00710nac a22002051u 4500 | ||
|---|---|---|---|
| 010 | _a009429036 | ||
| 020 | _a0563179554 (pbk) | ||
| 082 |
_a610 _bJ7101 |
||
| 090 |
_c3412 _d3412 |
||
| 100 | _aJones, Simon Campbell r) | ||
| 245 |
_aHorizon : _b at the frontiers of medicine / _c edited by Simon Campbell-Jones. |
||
| 260 |
_aLondon : _bBritish Broadcasting Corporation, C.1983. _c C.1983. |
||
| 300 |
_a172p. : _bill., ports. ; _c20cm. |
||
| 500 | _aDonations . | ||
| 500 | _aDonations - Bibliotheca Alexandrina. | ||
| 650 | _aMedicine. | ||
| 650 | _aMedicine | ||
| 942 |
_cBB _k610J7101 |
||
| 999 |
_c3412 _d3412 |
||